000 00495nam a2200145Ia 4500
008 230917s9999||||xx |||||||||||||| ||und||
040 _e186890
_aMAIN
041 _aEnglish
082 _a301.426 R314F
100 _aRetherford, Robert D
245 0 _aFactors affecting sex-selective abortion in India and 17 major states: National family health survey subject No. 21; January 2003
260 _aMumbai
_bInternational Institute for Population Sciences
_c2003
300 _a78 p.
942 _cBK
999 _c133927
_d133927